000
00316 a2200145 4500
001
47652
020
_a
978-85-08-08789-1
040
_c
Anchieta - Aquarius
240
1
0
_a
Doces frações
_l
por
245
1
0
_a
Doces frações
300
_a
23p.
362
0
_a
2000
650
4
_a
Literatura infanto-juvenil
942
_c
BK
999
_c
47652
_d
47652